A Princesa dos Sete Castelos (Registo nº 3904)

Detalhes MARC
000 -Etiqueta do registo
Cabeçalho 00420cam a2200169 i 4500
005 - Identificador da versão
Campo de controlo 20240813122048.0
100 ## - Dados gerais de processamento
Dados gerais de processamento 20101025d c y0pory5003 ba
102 ## - Pais de publicação ou produção
País de publicação Portugal
101 0# - Língua de publicação
Língua do texto, banda sonora, etc. Português
215 ## - Descrição física 
Indicação específica da natureza do documento e extensão da espécie 139, [2] p. : il.
200 1# - Titulo e menção de responsabilidade
Título próprio A Princesa dos Sete Castelos
Primeira menção de responsabilidade Fernanda de Castro
Outras menções de responsabilidade il. Inês Guerreiro
205 ## - Menção da edição
Menção da edição 4ª ed.
210 ## - Publicação, Distribuição, etc. 
Lugar da edição, distribuição, etc. Braga
Nome do editor, distribuidor, etc. Livraria Editora
Data da publicação, distribuição, etc. 1974
942 ## - Elementos de entrada adicionados (Koha)
Tipo de item no Koha Livro
Exemplares
Situação do levantamento Origin of item (home branch) (coded) Biblioteca de empréstimo Código de barras Cota Circulation type (not for loan) Tipo de documento Nota do exemplar Damaged status
  Biblioteca Escolar das Vendas Biblioteca Escolar das Vendas BEV248 8POR CAS   Livro Sem mensagem